[Event "Luxembourg-chT 1415"]
[Site "Luxembourg"]
[Date "2015.01.11"]
[Round "5"]
[White "Masquelier, Quentin"]
[Black "Schilpp, Roland"]
[Result "0-1"]
[WhiteElo "1819"]
[BlackElo "2014"]
[PlyCount "68"]
[EventDate "2014.10.05"]
[EventType "team-tourn"]
[EventRounds "10"]
[EventCountry "LUX"]
[SourceTitle "EXT 2017"]
[Source "ChessBase"]
[SourceDate "2016.10.25"]
[SourceVersion "1"]
[SourceVersionDate "2016.10.25"]
[SourceQuality "1"]

1. Nf3 d5 2. d4 e6 3. e3 f5 4. Ne5 Nf6 5. Nd2 Be7 6. Be2 0-0 7. 0-0 Bd7 8. c4 c6 9. c5 Be8 10. b4 Nbd7 11. Ndf3 Ne4 12. Qb3 Bf6 13. Nxd7 Qxd7 14. Nd2 e5 15. Nxe4 fxe4 16. Bb2 Qe7 17. f3 exf3 18. Bxf3 e4 19. Be2 Bd7 20. Bc3 Qf7 21. Be1 Qg6 22. Qd1 Qg5 23. Bd2 Bh3 24. Rf2 Bxd4 25. exd4 e3 26. Bxe3 Qxe3 27. Bf3 Bg4 28. Rb1 Bxf3 29. gxf3 Rf4 30. Rb3 Qxd4 31. Qe2 Raf8 32. a3 R4f6 33. Re3 h6 34. Re7 Rxf3 0-1

[Event "Luxembourg-chT 1213"]
[Site "Luxembourg"]
[Date "2013.03.10"]
[Round "6"]
[White "Schilpp, Roland"]
[Black "Birtz, Claude"]
[Result "1-0"]
[WhiteElo "2014"]
[BlackElo "1811"]
[PlyCount "47"]
[EventDate "2012.10.??"]
[EventType "team-tourn"]
[EventRounds "10"]
[EventCountry "LUX"]
[SourceTitle "EXT 2017"]
[Source "ChessBase"]
[SourceDate "2016.10.25"]
[SourceVersion "1"]
[SourceVersionDate "2016.10.25"]
[SourceQuality "1"]

1. e4 d6 2. Nc3 Nf6 3. g3 g6 4. Bg2 Bg7 5. d3 c5 6. f4 Nc6 7. Nf3 e6 8. 0-0 0-0 9. h3 h5 10. Ne2 Qc7 11. Nh4 Ne7 12. Bd2 Bd7 13. Bc3 Ne8 14. g4 hxg4 15. hxg4 b5 16. f5 Bxc3 17. bxc3 g5 18. f6 Ng6 19. Nxg6 fxg6 20. Qd2 Bc6 21. Qxg5 Qf7 22. Qh4 Nxf6 23. e5 Bxg2 24. Rxf6 1-0

[Event "Luxembourg-chT 1314"]
[Site "Luxembourg"]
[Date "2013.??.??"]
[Round "2"]
[White "Schilpp, Roland"]
[Black "Bakalarz, Mietek"]
[Result "0-1"]
[WhiteElo "2014"]
[BlackElo "2350"]
[PlyCount "102"]
[EventDate "2013.10.05"]
[EventType "team-tourn"]
[EventRounds "10"]
[EventCountry "LUX"]
[SourceTitle "EXT 2017"]
[Source "ChessBase"]
[SourceDate "2016.10.25"]
[SourceVersion "1"]
[SourceVersionDate "2016.10.25"]
[SourceQuality "1"]

1. e4 e5 2. Nf3 Nf6 3. Nxe5 d6 4. Nf3 Nxe4 5. Nc3 Nxc3 6. dxc3 Be7 7. Be3 0-0 8. Qd2 Qe8 9. 0-0-0 Qa4 10. Kb1 Nc6 11. h4 Be6 12. b3 Qa5 13. Nd4 Nxd4 14. cxd4 Qxd2 15. Rxd2 d5 16. h5 a5 17. a4 h6 18. Bd3 Bb4 19. Rdd1 Bc3 20. Rh4 Bd7 21. Bc1 Rfe8 22. Bb2 Be1 23. Rf4 Bb4 24. Rh4 Re7 25. Rhh1 Rae8 26. c3 Bd6 27. Ka2 c6 28. Ba3 Re2+ 29. Bxe2 Rxe2+ 30. Bb2 Rxf2 31. Rdg1 Bg3 32. Rf1 Re2 33. Kb1 f5 34. Bc1 Rxg2 35. Bf4 Bxf4 36. Rxf4 Kf7 37. Rff1 Kf6 38. Rfg1 Rxg1+ 39. Rxg1 Be8 40. Rh1 Kg5 41. Rg1+ Kf6 42. Rh1 f4 43. Kc2 Bd7 44. Rf1 Kg5 45. Rg1+ Bg4 46. Re1 f3 47. Kd2 Kf4 48. Re7 Bxh5 49. Ke1 Kg3 50. Rxb7 g5 51. Kf1 Bg6 0-1

[Event "Crailsheim op 1st"]
[Site "Crailsheim"]
[Date "1995.??.??"]
[Round "?"]
[White "Schilpp, Roland"]
[Black "Sternberg, Horst"]
[Result "1-0"]
[WhiteElo "1870"]
[BlackElo "1665"]
[PlyCount "59"]
[EventDate "1995.??.??"]
[EventType "swiss"]
[EventRounds "7"]
[EventCountry "GER"]
[SourceTitle "EXT 1999"]
[Source "ChessBase"]
[SourceDate "1998.11.16"]
[SourceVersion "1"]
[SourceVersionDate "1998.11.16"]
[SourceQuality "1"]

1. e4 e5 2. Nf3 Nc6 3. d4 exd4 4. Bc4 Bb4+ 5. c3 dxc3 6. 0-0 Qf6 7. bxc3 Be7 8. Ng5 Ne5 9. Bb3 h6 10. f4 hxg5 11. fxe5 Qxe5 12. Bxf7+ Kd8 13. h3 Bd6 14. Qg4 Be7 15. Rf5 Qd6 16. Bxg5 Nf6 17. Qf3 Qb6+ 18. Qf2 d5 19. Be3 Qd6 20. e5 Qd7 21. exf6 gxf6 22. Rxd5 Bd6 23. Qxf6+ Qe7 24. Qxh8+ Kd7 25. Qe8+ Qxe8 26. Bxe8+ Kxe8 27. Nd2 Be6 28. Rh5 Kd7 29. Ne4 Be7 30. Nc5+ 1-0